000 00967nam a22003017a 4500
001 BR9803664
003 BR-BrBNA
005 20230928095954.0
007 ta
008 230509b bl.||||| |||| 00| 0 por d
040 _aBR-BrBNA
_bpor
_cBiblioteca Nacional de Agricultura
041 _a(Por)
072 _aH50
_b1930
090 _ 1930 BR9803664
100 1 _aSilva, A.A. da
110 1 _aEscola Superior de Agricultura Luiz de Queiroz, Piracicaba, SP (Brasil)
_0Tese (Doutor em Agronomia)
245 1 _aToxicidade de aluminio em trinta genotipos de Panicum maximum Jacq. cultivados em solucao nutritiva
260 3 _aPiracicaba, SP (Brasil):
_c1997.
300 _a146 p.
500 _aSummaries (Eng, Por); Bibliography p. 120-146; 70 illus.; 12 tables
650 _aCapim Coloniao
650 _aVariedade
650 _aFitotoxicidade
650 _aSolucao Nutritiva
650 _aAluminio
909 _a202309
_bLucia
_c55
_dLucia Elande
942 _cBK
999 _c59676
_d59676